00423nam a22001337a 4500041000800000082001700008100001900025245005800044260002800102650001300130942000700143952012200150999001700272 aENG a324.245bVIC aVictus Solomon aCultural Nationalism : The Making of an Indian Nation aSeramporebSATHRIc2021 aHINDUTVA cBK 00104070aHMIbHMIcGENd2023-06-19eAARCg550.00l3m3o324.245 VICp25863r2023-12-22s2023-12-08w2023-06-19yBK c23313d23313